Stations du Métro de Paris par lettre - F - Statistiques

Statistiques générales
  • Ce quiz a été pris 405 fois
  • Le résultat moyen est 4 sur 7
Statistiques - réponses
Lignes Stations % Correct
1,9 Franklin D. Roosevelt
72%
8 Félix Faure
70%
12 Falguière
63%
8 Filles du Calvaire
59%
8 Faidherbe - Chaligny
58%
12 Front Populaire
55%
7 Fort d'Aubervilliers
48%
Aucun quiz correspondant
Distribution des résultats
% des personnes avec chaque résultat
Percentile par nombre de réponses
Votre historique - résultats
Vous n’avez pas pris ce quiz